000
00278nam a2200121 a 4500
008
101209s1985|||| d
100
1
_a
Pijoan, Jose
245
1
0
_a
Dejiny umenia /zv.7/
260
_b
Tatran
_a
Bratislava
_c
1985
044
_a
xo
_c
SK
041
_a
slo
020
_c
175
999
_c
14960
_d
14960